| 000 | 00710nab a2200253 a 4500 | ||
|---|---|---|---|
| 001 | 62725 | ||
| 003 | 135159 | ||
| 005 | 20201118105945.0 | ||
| 008 | ||||||n9999 ||| || || | ||
| 041 | _aspa | ||
| 100 | _aAldana de Conde, Graciela | ||
| 245 | 0 |
_aItinerario de la creatividad : _bsu operacionalizacion, deteccion y cultivo |
|
| 260 |
_aBogotá : _bPresidencia de la República de Colombia, _c1995. |
||
| 300 | _app.9-47 | ||
| 490 | _aDocumentos de la Mision | ||
| 562 | _e0 | ||
| 650 | _aCREATIVIDAD | ||
| 650 | _aEDUCACIÓN | ||
| 650 | _aLIDERAZGO | ||
| 650 | _aPROBLEMA CULTURAL | ||
| 773 |
_062724 _aCreatividad, formacion e investigación (v5) |
||
| 942 | _cANADG | ||
| 942 | _cDOC | ||
| 999 |
_c62725 _d62725 |
||